| 000 | 00752nam a2200253 a 4500 | ||
|---|---|---|---|
| 008 | |||
| 020 | _a9780340946886 (pbk.) | ||
| 049 | _aMAIN | ||
| 090 |
_aRC683.5 _bHOU |
||
| 100 | _aHoughton, Andrew R. | ||
| 245 | 1 | 0 |
_aMaking sense of the ECG : _ba hands on guide / _cAndrew A. Houghton and David Gray. |
| 250 | _a3rd ed. | ||
| 260 |
_aLndon : _bHodder Arnold, _c2008. |
||
| 300 |
_axx, 292 p. : _bill. ; _c20 cm. |
||
| 500 | _aIncludes indexes. | ||
| 650 |
_aCardiac Anatomy _vPhysiology. |
||
| 650 | 1 |
_aElectrocardiograghy _xArrhymia. |
|
| 700 | _aGray, David. | ||
| 907 |
_a.b10287796 _b15-06-11 _c19-11-10 |
||
| 003 | |||
| 005 | 20230120204036.0 | ||
| 040 | _cNUST | ||
| 942 |
_cBOOKS _kRC683.5 _mHOU |
||
| 999 |
_c116090 _d116090 |
||